000 00719nam a2200193 a 4500
001 000871059
003 AM-YEHGA
005 20250617160541.0
008 120229s1943 ru r 000 0 rus d
040 _aAM-YeHGA
041 0 _arus
100 1 _aРаевский, Н.И.
245 1 0 _aСбор и переработка дикорастущих зелени, плодов, ягод и грибов /
_cН.И. Раевский.
260 _aМ. :
_bКрасный пролетарий,
_c1943.
300 _a63 с. :
_bрис. ;
_c20 см.
500 _aБез титул. л. описано с обл.
650 1 4 _aПлодоводство, ягодоводство и лесоводство
090 _c458541
999 _c455532
_d455532